Η τέχνη των ερωτήσεων : σημασία, ταξινόμηση και μορφές

Αποθηκεύτηκε σε:
Λεπτομέρειες βιβλιογραφικής εγγραφής
Κύριος συγγραφέας: Θεοφιλίδης, Χρήστος
Μορφή: Βιβλίο
Γλώσσα:Greek
Δημοσίευση: [χ.τ.] : [χ.ό.], 1976
Θέματα:
Ετικέτες: Προσθήκη ετικέτας
Δεν υπάρχουν, Καταχωρήστε ετικέτα πρώτοι!

MARC

LEADER 00000nam a2200000 i 4500
001 1/73126
008 961121s1976 gre d
035 |a 1996  |b 3  |c Δωρεά  |l 10031429 
040 |a GR-MY-UA  |b gre  |e aacr 
041 0 |a gre 
082 0 |a 371.26013 
100 1 |a Θεοφιλίδης, Χρήστος. 
245 1 2 |a Η τέχνη των ερωτήσεων :  |b σημασία, ταξινόμηση και μορφές /  |c Χρήστος Θεοφιλίδης 
260 |a [χ.τ.] :   |b [χ.ό.],   |c 1976 
300 |a 56 σ. 
650 0 0 |a Educational tests and measurements  |x Evaluation. 
852 |a INST  |b RHODES  |e 19961121  |h 371.26013 ΘΕΟ  |p 005400006875  |q 005400006875  |t BK  |y 0 
909 |a Ρ  |b 042998  |c 1996